000
00324 a2200157 4500
001
154600
040
_c
Escola São Tomás de Aquino
100
_a
GOWDAK, Demétrio
240
1
0
_a
Corpo Humano
_l
por
245
1
0
_a
Corpo Humano
300
_a
399
362
0
_a
2009
440
1
_a
FTD
697
_a
BIOLOGIA
942
_c
BK
999
_c
154600
_d
154600